Open Data Biblioteca Nacional de Portugal


República Portuguesa: Ministério da Cultura
Biblioteca Nacional de Portugal

Catálogo da BNP: acesso por Identificadores Unívocos
Registos Bibliográficos associados ao registo de autoridade

Etiqueta de registo: 00688cam 2200217 450
001 843747
003 http://id.bnportugal.gov.pt/bib/catbnp/843747
100 ## $a19931007d1935 m y0pory01030103ba
101 0# $apor
102 ## $aPT
105 ## $ay z 000yy
106 ## $ar
200 1# $aPrograma oficial do Conservatório Nacional$e ( secção de música) 1935-1936$edos cursos de solfejo, piano e violino
210 #9 $aLisboa$cSassetti$d[1935]
215 ## $a46 p.$d17 cm
316 ## $aExemplar encadernado em miscelânea$5PTBN: B.A. 2150//1 P.
601 01 $aPortugal$bConservatório Nacional$x[Programas de ensino]$2SIPOR$31997737
606 ## $aSolfejo$xCursos$x[Programas]$2SIPOR$31172168
606 ## $aPiano$xCursos$x[Programas]$2SIPOR$31172169
606 ## $aViolino$xCursos$x[Programas]$2SIPOR$31172170
675 ## $a371.2$vBN$zpor$3925625
710 01 $aPortugal$bConservatório Nacional$bEscola de Música$31172174
801 #0 $aPT$bBN$gRPC
966 ## $lBN$mFGMON$sB.A. 2150//11 P.
976 ## $d20260506$rjamaral
997 ## $aBIBEOD

OpendataBNP@bnportugal.pt | Mais informação sobre acesso aos dados BNP